000 00462nam a2200181Ia 4500
001 22418
005 20260414150830.0
008 260414t2013||||xx |||||||||||||| ||spa||
041 _aESP
082 _a621.381
_bP48
100 _aPethig, Ronald
_eAUT
245 0 _aIntroductory bioelectronics :
_bfor engineers and physical scientists
260 _c2013
300 _a441 páginas :
_c25 cm.
650 _aTCA
654 _aCET
942 _cLIB
_dJUS
_fJUS
_2ddc
_n
999 _c22418
_d22418